NFL First-Round Quarterbacks (2010-2022) - Statistics

General Stats
  • This quiz has been taken 913 times
    644 since last reset
  • The average score is 35 of 43
Answer Stats
Year / Pick School Team Answer % Correct
2018 / 7 Wyoming BUF Josh Allen
95%
2018 / 32 Louisville BAL Lamar Jackson
94%
2019 / 6 Duke NYG Daniel Jones
93%
2020 / 1 LSU CIN Joe Burrow
93%
2021 / 15 Alabama NE Mac Jones
93%
2017 / 10 Texas Tech KC Patrick Mahomes
93%
2018 / 1 Oklahoma CLE Baker Mayfield
92%
2020 / 26 Utah St. GB Jordan Love
92%
2019 / 1 Oklahoma ARI Kyler Murray
92%
2021 / 1 Clemson JAX Trevor Lawrence
92%
2021 / 2 BYU NYJ Zach Wilson
92%
2023 / 1 Alabama CAR Bryce Young
91%
2023 / 2 Ohio St. HOU CJ Stroud
91%
2021 / 11 Ohio St. CHI Justin Fields
91%
2020 / 6 Oregon LAC Justin Herbert
91%
2020 / 5 Alabama MIA Tua Tagovailoa
91%
2011 / 1 Auburn CAR Cam Newton
89%
2017 / 12 Clemson HOU Deshaun Watson
89%
2022 / 20 Pittsburgh PIT Kenny Pickett
89%
2023 / 4 Florida IND Anthony Richardson
88%
2021 / 3 North Dakota St. SF Trey Lance
88%
2016 /1 California STL Jared Goff
86%
2016 / 2 North Dakota St. PHI Carson Wentz
85%
2015 / 1 Florida St. TB Jameis Winston
85%
2015 / 2 Oregon TEN Marcus Mariota
83%
2017 / 2 North Carolina CHI Mitch Trubisky
83%
2018 / 3 Southern Cal NYJ Sam Darnold
82%
2012 / 1 Stanford IND Andrew Luck
81%
2012 / 2 Baylor WAS Robert Griffin III
81%
2014 / 22 Texas A&M CLE Johnny Manziel
79%
2018 / 10 UCLA ARI Josh Rosen
79%
2014 / 3 Central Florida JAX Blake Bortles
78%
2019 / 15 Ohio St. WAS Dwayne Haskins
77%
2012 / 8 Texas A&M MIA Ryan Tannehill
76%
2014 / 32 Louisville MIN Teddy Bridgewater
71%
2010 / 25 Florida DEN Tim Tebow
71%
2010 / 1 Oklahoma STL Sam Bradford
69%
2016 / 26 Memphis DEN Paxton Lynch
57%
2013 / 16 Florida St. BUF EJ Manuel
47%
2011 / 10 Missouri JAX Blaine Gabbert
43%
2011 / 12 Florida St. MIN Christian Ponder
41%
2011 / 8 Washington TEN Jake Locker
41%
2012 / 22 Oklahoma St. CLE Brandon Weeden
38%
No matching quizzes found
Score Distribution
Percent of People with Each Score
Percentile by Number Answered
Your Score History
You have not taken this quiz since the last reset